[Event "SPICE Spring Invitational"]
[Site "Lubbock USA"]
[Date "2011.03.12"]
[Round "1"]
[White "Yang, Darwin"]
[Black "Bykhovsky, Anatoly"]
[Result "1-0"]
[WhiteTitle "FM"]
[BlackTitle "GM"]
[WhiteElo "2416"]
[BlackElo "2517"]
[WhiteFideId "2029111"]
[BlackFideId "2806991"]
[EventDate "2011.03.12"]

1. d4 Nf6 2. c4 g6 3. f3 Nc6 4. d5 Ne5 5. e4 d6 6. Nc3 c6 7. f4 Ned7 8. Nf3 Bg7
9. Bd3 Nc5 10. Bc2 O-O 11. O-O e6 12. dxc6 bxc6 13. e5 dxe5 14. Qxd8 Rxd8 15.
fxe5 Nfd7 16. Bg5 Rf8 17. Rfe1 a5 18. Rad1 Re8 19. Ne4 Nxe4 20. Bxe4 Ra6 21. Rd6
Nxe5 22. Red1 f6 23. Nxe5 fxg5 24. Nxc6 Bf6 25. c5 Rf8 26. b3 Kg7 27. h3 Rf7 28.
a3 Bb2 29. Nd8 Rfa7 30. Rxa6 Rxa6 31. a4 Ra7 32. Bb7 Bxb7 33. Rd7+ Kf6 34. Nxb7
Ra6 35. Kf2 e5 36. Ke3 Ke6 37. Rd8 Rc6 38. Ke4 Rc7 39. Rd6+ Ke7 40. c6 Bc3 41.
Kd5 Be1 42. Re6+ Kf7 43. Nd6+ Kf8 44. Re8+ Kg7 45. Nb5 1-0

[Event "SPICE Spring Invitational"]
[Site "Lubbock USA"]
[Date "2011.03.12"]
[Round "1"]
[White "Sipos, Istvan"]
[Black "Altounian, Levon"]
[Result "0-1"]
[WhiteTitle "IM"]
[BlackTitle "IM"]
[WhiteElo "2407"]
[BlackElo "2432"]
[WhiteFideId "720631"]
[BlackFideId "2011298"]
[EventDate "2011.03.12"]

1. c4 c5 2. g3 Nc6 3. Bg2 g6 4. Nc3 Bg7 5. Nf3 e6 6. d3 Nge7 7. Bg5 h6 8. Bd2 b6
9. O-O Bb7 10. a3 d5 11. Rb1 O-O 12. b4 cxb4 13. axb4 dxc4 14. dxc4 Rc8 15. c5
bxc5 16. bxc5 Na5 17. Nb5 Nc4 18. Bf4 Rxc5 19. Qc1 Ba6 20. Nd6 Nd5 21. Nxc4 Nxf4
22. Qa3 Nxe2+ 23. Kh1 Qc8 24. Nd6 Qc6 25. Ng5 Rc3 26. Qb4 Qc5 27. Ngxf7 Qxb4 28.
Rxb4 Nc1 29. Rd1 Nd3 30. Ra4 Nxf2+ 31. Kg1 Nxd1 32. Rxa6 Bd4+ 0-1

[Event "SPICE Spring Invitational"]
[Site "Lubbock USA"]
[Date "2011.03.12"]
[Round "1"]
[White "Aleskerov, Faik"]
[Black "Kleiman, Jake"]
[Result "1/2-1/2"]
[BlackTitle "IM"]
[WhiteElo "2322"]
[BlackElo "2413"]
[WhiteFideId "13401262"]
[BlackFideId "2020041"]
[EventDate "2011.03.12"]

1. e4 e5 2. Nf3 Nc6 3. d4 exd4 4. Bc4 Nf6 5. O-O Nxe4 6. Re1 d5 7. Bxd5 Qxd5 8.
Nc3 Qh5 9. Nxe4 Be6 10. Bg5 Bd6 11. Nxd6+ cxd6 12. Bf4 O-O 13. Nxd4 Qxd1 14.
Raxd1 Nxd4 15. Rxd4 d5 16. c3 Rac8 17. f3 Rc4 18. Kf2 Rxd4 19. cxd4 Rc8 20. Rc1
Rxc1 1/2-1/2

[Event "SPICE Spring Invitational"]
[Site "Lubbock USA"]
[Date "2011.03.12"]
[Round "1"]
[White "Kuljasevic, Davorin"]
[Black "Esserman, Marc"]
[Result "1/2-1/2"]
[WhiteTitle "GM"]
[BlackTitle "IM"]
[WhiteElo "2528"]
[BlackElo "2425"]
[WhiteFideId "14506661"]
[BlackFideId "2018616"]
[EventDate "2011.03.12"]

1. d4 Nf6 2. c4 g6 3. Nf3 Bg7 4. g3 O-O 5. Bg2 d5 6. O-O dxc4 7. Na3 c3 8. bxc3
c5 9. Qb3 Nc6 10. Rd1 cxd4 11. cxd4 Be6 12. Qxb7 Bd5 13. Qa6 Nb4 14. Qa4 Nxa2
15. Bd2 Ne4 16. Ba5 Nac3 17. Bxd8 Nxa4 18. Ba5 Nac3 19. Re1 Rab8 20. Nb1 Nb5 21.
e3 Rfc8 22. Nfd2 Nf6 23. Na3 Nxa3 24. Rxa3 Bxg2 25. Kxg2 Rc2 26. Rb1 Rxb1 27.
Nxb1 Ne4 28. Be1 Bh6 29. Nc3 Nxc3 30. Rxc3 Rxc3 31. Bxc3 f5 32. Kf3 Kf7 33. Ke2
Ke6 1/2-1/2

[Event "SPICE Spring Invitational"]
[Site "Lubbock USA"]
[Date "2011.03.12"]
[Round "2"]
[White "Aleskerov, Faik"]
[Black "Yang, Darwin"]
[Result "1/2-1/2"]
[BlackTitle "FM"]
[WhiteElo "2322"]
[BlackElo "2416"]
[WhiteFideId "13401262"]
[BlackFideId "2029111"]
[EventDate "2011.03.12"]

1. d4 d5 2. Nf3 Nf6 3. e3 e6 4. Bd3 c5 5. c3 Nc6 6. Nbd2 Bd6 7. O-O O-O 8. dxc5
Bxc5 9. e4 Qc7 10. exd5 Nxd5 11. Qa4 Be7 12. Re1 Rd8 13. Nf1 h6 14. Qe4 Nf6 15.
Qc4 e5 16. Rxe5 b5 17. Rxe7 Qxe7 18. Qxc6 Bb7 19. Qxb5 Rd5 20. Qc4 Rc8 21. Qa4
Rxd3 22. Be3 Bxf3 23. gxf3 Rd7 24. Ng3 Qe6 25. Kh1 Nd5 26. Bd4 Nf4 27. Rg1 Nh3
28. Rf1 Ng5 29. Qd1 Qd5 30. Ne4 Nxe4 31. fxe4 Qxe4+ 32. f3 Qd5 33. Rg1 f6 34.
Qb3 Rc4 35. Qb8+ Kh7 36. Qg3 Qf5 37. Qg4 Qxg4 38. Rxg4 f5 39. Rg2 Re7 40. Kg1 g5
41. h4 Kg6 42. hxg5 hxg5 43. Rh2 Rc8 44. b4 Rce8 45. Rf2 f4 46. a4 Kf5 47. b5 g4
48. fxg4+ Kxg4 49. Rg2+ Kf5 50. Rf2 Re1+ 51. Rf1 R1e2 52. Rf2 Re1+ 53. Rf1 R1e2 1/2-1/2

[Event "SPICE Spring Invitational"]
[Site "Lubbock USA"]
[Date "2011.03.12"]
[Round "2"]
[White "Kleiman, Jake"]
[Black "Altounian, Levon"]
[Result "0-1"]
[WhiteTitle "IM"]
[BlackTitle "IM"]
[WhiteElo "2413"]
[BlackElo "2432"]
[WhiteFideId "2020041"]
[BlackFideId "2011298"]
[EventDate "2011.03.12"]

1. e4 e6 2. d4 d5 3. Nd2 Nf6 4. e5 Nfd7 5. Bd3 c5 6. c3 Nc6 7. Ne2 cxd4 8. cxd4
Nb6 9. O-O Bd7 10. f4 g6 11. a3 a5 12. Nf3 a4 13. Nc3 Na5 14. g4 Nb3 15. Rb1 Nc4
16. f5 gxf5 17. gxf5 Qb6 18. Kh1 h6 19. fxe6 fxe6 20. Bg6+ Kd8 21. Bf4 Rc8 22.
Qd3 Qa6 23. Bf7 Nxa3 24. Qg6 Nxb1 25. Rxb1 Be7 26. Nxd5 Qc6 27. Nxe7 Qxf3+ 28.
Kg1 Nxd4 29. Re1 Qxf4 30. Nxc8 Nf3+ 0-1

[Event "SPICE Spring Invitational"]
[Site "Lubbock USA"]
[Date "2011.03.13"]
[Round "3"]
[White "Naroditsky, Daniel"]
[Black "Aleskerov, Faik"]
[Result "1-0"]
[WhiteTitle "FM"]
[WhiteElo "2438"]
[BlackElo "2322"]
[WhiteFideId "2026961"]
[BlackFideId "13401262"]
[EventDate "2011.03.12"]

1. e4 c6 2. d4 d5 3. e5 Bf5 4. c4 e6 5. Nc3 Ne7 6. a3 dxc4 7. Bxc4 Nd7 8. Nge2
Nb6 9. Ba2 Ned5 10. Ng3 Bg6 11. O-O Be7 12. f4 Qd7 13. Nce4 O-O-O 14. Nc5 Qc7
15. Qf3 Nd7 16. Nce4 Qb6 17. Qf2 f6 18. b4 h5 19. Nc5 fxe5 20. Nxe6 exf4 21.
Bxf4 Nxf4 22. Qxf4 Rde8 23. Nxg7 Ref8 24. N7f5 Bd8 25. Be6 Bc7 26. Qg5 Bxg3 27.
Qxg6 Bc7 28. Qg7 1-0

[Event "SPICE Spring Invitational"]
[Site "Lubbock USA"]
[Date "2011.03.13"]
[Round "3"]
[White "Yang, Darwin"]
[Black "Kleiman, Jake"]
[Result "1/2-1/2"]
[WhiteTitle "FM"]
[BlackTitle "IM"]
[WhiteElo "2416"]
[BlackElo "2413"]
[WhiteFideId "2029111"]
[BlackFideId "2020041"]
[EventDate "2011.03.12"]

1. d4 Nf6 2. c4 e6 3. Nc3 Bb4 4. e3 O-O 5. Ne2 d5 6. a3 Be7 7. cxd5 exd5 8. g3
a5 9. Bg2 Re8 10. O-O c6 11. h3 Na6 12. g4 Bd6 13. f3 b5 14. Qc2 Qb6 15. e4 c5
16. Be3 cxd4 17. Nxd4 dxe4 18. fxe4 Bc5 19. Qf2 1/2-1/2

[Event "SPICE Spring Invitational"]
[Site "Lubbock USA"]
[Date "2011.03.13"]
[Round "3"]
[White "Altounian, Levon"]
[Black "Esserman, Marc"]
[Result "1/2-1/2"]
[WhiteTitle "IM"]
[BlackTitle "IM"]
[WhiteElo "2432"]
[BlackElo "2425"]
[WhiteFideId "2011298"]
[BlackFideId "2018616"]
[EventDate "2011.03.12"]

1. e4 c6 2. d3 d5 3. Nd2 e5 4. Ngf3 Bd6 5. Qe2 Nf6 6. g3 O-O 7. Bg2 Re8 8. O-O
c5 9. exd5 Nxd5 10. Ng5 Nf6 11. Nde4 Be7 12. Nxf6+ Bxf6 13. Qh5 Bxg5 14. Bxg5
Qd6 15. f4 Nc6 16. Qxf7+ Kxf7 17. fxe5+ Kg6 18. exd6 Kxg5 19. Rf7 Rd8 20. Rxg7+
Kh6 21. Rf7 Rxd6 22. Be4 Rd7 23. Raf1 Ne5 24. R1f6+ Ng6 25. b3 Rxf7 26. Rxf7 Rb8
27. Rc7 b6 28. Rxa7 Be6 29. a4 Rf8 30. Ra6 Bh3 31. Bg2 1/2-1/2

[Event "SPICE Spring Invitational"]
[Site "Lubbock USA"]
[Date "2011.03.13"]
[Round "4"]
[White "Yang, Darwin"]
[Black "Naroditsky, Daniel"]
[Result "1-0"]
[WhiteTitle "FM"]
[BlackTitle "FM"]
[WhiteElo "2416"]
[BlackElo "2438"]
[WhiteFideId "2029111"]
[BlackFideId "2026961"]
[EventDate "2011.03.12"]

1. d4 Nf6 2. c4 e6 3. Nc3 Bb4 4. e3 b6 5. Ne2 c5 6. a3 Ba5 7. Rb1 Na6 8. g3 Bb7
9. d5 Ne4 10. Bg2 Nxc3 11. Nxc3 Bxc3+ 12. bxc3 O-O 13. O-O e5 14. e4 Nc7 15. f4
d6 16. f5 f6 17. g4 Ba6 18. Rf3 Bxc4 19. Rg3 Qd7 20. h4 Rf7 21. Rb2 Kf8 22. Bf3
Ke7 23. g5 Kd8 24. Bh5 Re7 25. gxf6 gxf6 26. Bh6 Kc8 27. Bf8 Kb7 28. Bxe7 Qxe7
29. Qa4 Ba6 30. Qc6+ 1-0

[Event "SPICE Spring Invitational"]
[Site "Lubbock USA"]
[Date "2011.03.13"]
[Round "4"]
[White "Bykhovsky, Anatoly"]
[Black "Sipos, Istvan"]
[Result "0-1"]
[WhiteTitle "GM"]
[BlackTitle "IM"]
[WhiteElo "2517"]
[BlackElo "2407"]
[WhiteFideId "2806991"]
[BlackFideId "720631"]
[EventDate "2011.03.12"]

1. Nf3 Nf6 2. g3 g6 3. Bg2 Bg7 4. d4 O-O 5. c4 d6 6. Nc3 Nbd7 7. O-O e5 8. e4 a6
9. d5 b5 10. cxb5 axb5 11. b4 Nb6 12. Re1 Bd7 13. Bf1 Na4 14. Nxb5 Qb8 15. Qd3
Nxe4 16. Qxe4 Bxb5 17. Qh4 Bxf1 18. Rxf1 Qb5 19. Ng5 h6 20. Nh3 h5 21. g4 Qxb4
22. f4 Qd4+ 0-1

[Event "SPICE Spring Invitational"]
[Site "Lubbock USA"]
[Date "2011.03.13"]
[Round "4"]
[White "Diamant, Andre"]
[Black "Altounian, Levon"]
[Result "1/2-1/2"]
[WhiteTitle "GM"]
[BlackTitle "IM"]
[WhiteElo "2520"]
[BlackElo "2432"]
[WhiteFideId "2108356"]
[BlackFideId "2011298"]
[EventDate "2011.03.12"]

1. d4 Nf6 2. c4 g6 3. Nc3 Bg7 4. e4 O-O 5. Nf3 d6 6. Be2 Bg4 7. O-O Nfd7 8. Be3
a6 9. Rc1 c5 10. d5 b5 11. cxb5 axb5 12. Bxb5 Qb6 13. Rb1 Ne5 14. Be2 Nxf3+ 15.
Bxf3 Bxf3 16. Qxf3 Nd7 17. Qe2 Qa6 18. Qd2 Rfb8 19. b3 Qa3 20. Rfc1 Rb4 21. f3 1/2-1/2

[Event "SPICE Spring Invitational"]
[Site "Lubbock USA"]
[Date "2011.03.13"]
[Round "4"]
[White "Aleskerov, Faik"]
[Black "Kuljasevic, Davorin"]
[Result "0-1"]
[BlackTitle "GM"]
[WhiteElo "2322"]
[BlackElo "2528"]
[WhiteFideId "13401262"]
[BlackFideId "14506661"]
[EventDate "2011.03.12"]

1. e4 e6 2. d4 d5 3. Nd2 c5 4. exd5 exd5 5. Bb5+ Bd7 6. Qe2+ Be7 7. dxc5 Nf6 8.
Ngf3 O-O 9. O-O Re8 10. Nb3 Bxc5 11. Qd3 Bb6 12. Bxd7 Qxd7 13. Bg5 Ne4 14. Rad1
Nc6 15. c3 h6 16. Bh4 g5 17. Bg3 f5 18. Nfd4 f4 19. f3 Ne5 20. Qc2 Nxg3 21. hxg3
Nc4 22. Rfe1 Qf7 23. Qf2 fxg3 24. Qxg3 Nxb2 25. Rd2 Na4 26. Rxe8+ Rxe8 27. Qh3
Qe7 28. Kh2 Nxc3 29. Nf5 Qe5+ 30. f4 Qxf4+ 31. g3 Qe5 32. Nxh6+ Kg7 33. Ng4 Qe6 0-1

[Event "SPICE Spring Invitational"]
[Site "Lubbock USA"]
[Date "2011.03.14"]
[Round "5"]
[White "Altounian, Levon"]
[Black "Bykhovsky, Anatoly"]
[Result "0-1"]
[WhiteTitle "IM"]
[BlackTitle "GM"]
[WhiteElo "2432"]
[BlackElo "2517"]
[WhiteFideId "2011298"]
[BlackFideId "2806991"]
[EventDate "2011.03.12"]

1. Nf3 Nf6 2. c4 c5 3. g3 Nc6 4. Bg2 d5 5. cxd5 Nxd5 6. d4 Bf5 7. a3 e6 8. O-O
Rc8 9. Ne5 Bg6 10. Nxg6 hxg6 11. Nc3 cxd4 12. Nxd5 exd5 13. Qb3 Qd7 14. Qxd5
Qxd5 15. Bxd5 Bc5 16. b4 Bb6 17. Bb2 Ke7 18. Rfd1 Rhd8 19. Bg2 a5 20. b5 Ne5 21.
e3 Nc4 22. Bxd4 Bxd4 23. exd4 Nd6 24. b6 Rc4 25. Rd3 Kd7 26. Bd5 Rc2 27. Bb3 Rb2
28. Rc1 Rc8 29. Rc5 Ra8 30. Rc7+ Kd8 31. Ba4 Rxb6 32. Rd7+ Kc8 33. Rc3+ Kb8 34.
Rc5 Raa6 35. Kg2 Rb2 36. Rd5 Nc4 37. Re7 Rf6 38. Rdd7 Nd6 39. Kh3 Rbxf2 40. Bb3
R2f5 41. a4 Ka7 42. Re5 Kb6 43. Bc2 Rh5+ 44. Kg2 Rh8 45. g4 Rc8 46. Bd3 g5 47.
Rxg5 Rc3 48. Rd5 Kc6 49. R5xd6+ Rxd6 50. Bb5+ Kd5 51. Rxf7 Kxd4 52. Rxg7 Ke4 53.
Re7+ Kf4 54. Be2 Rd2 55. Kf2 Rh3 56. Kg2 Re3 0-1

[Event "SPICE Spring Invitational"]
[Site "Lubbock USA"]
[Date "2011.03.14"]
[Round "5"]
[White "Sipos, Istvan"]
[Black "Aleskerov, Faik"]
[Result "1/2-1/2"]
[WhiteTitle "IM"]
[WhiteElo "2407"]
[BlackElo "2322"]
[WhiteFideId "720631"]
[BlackFideId "13401262"]
[EventDate "2011.03.12"]

1. c4 e5 2. Nc3 Nc6 3. Nf3 d6 4. d4 exd4 5. Nxd4 Nxd4 6. Qxd4 Qf6 7. Qd2 c6 8.
b3 Be7 9. g3 h5 10. Bb2 Qh6 11. O-O-O Qxd2+ 12. Rxd2 Be6 13. Bg2 h4 14. f4 hxg3
15. hxg3 Rxh1+ 16. Bxh1 f5 17. e4 Nf6 18. Bf3 Kf7 19. Rh2 fxe4 20. Nxe4 Nxe4 21.
Bxe4 d5 22. cxd5 cxd5 23. Bd3 a5 24. Rh7 Rc8+ 25. Kd2 Bf6 26. Bxf6 Kxf6 27. Rh5
b6 28. Rg5 Bf7 29. Rf5+ Ke7 30. Re5+ Kf8 31. Re1 Rc6 32. g4 Rh6 33. g5 Rh4 34.
f5 a4 35. g6 Be8 36. bxa4 Bxa4 37. Kc3 Rf4 38. Re5 d4+ 39. Kc4 Bd7 40. a3 1/2-1/2

[Event "SPICE Spring Invitational"]
[Site "Lubbock USA"]
[Date "2011.03.14"]
[Round "5"]
[White "Naroditsky, Daniel"]
[Black "Kleiman, Jake"]
[Result "1-0"]
[WhiteTitle "FM"]
[BlackTitle "IM"]
[WhiteElo "2438"]
[BlackElo "2413"]
[WhiteFideId "2026961"]
[BlackFideId "2020041"]
[EventDate "2011.03.12"]

1. e4 e5 2. Nf3 Nc6 3. Bb5 a6 4. Ba4 Nf6 5. d3 b5 6. Bb3 Bc5 7. O-O d6 8. c3 O-O
9. Bg5 Qe7 10. a4 Rb8 11. axb5 axb5 12. Na3 h6 13. Bh4 Bg4 14. Nc2 g5 15. Bg3
Nh5 16. Ne3 Bxe3 17. fxe3 Nxg3 18. hxg3 Be6 19. Nh2 Bxb3 20. Qxb3 Qe6 21. Qd1
Kg7 22. Qh5 Qg6 23. Qh3 Rbd8 24. Ra6 Nb8 25. Ra7 Rd7 26. Rb7 h5 27. Qf5 Qxf5 28.
Rxf5 f6 29. Rxb5 c6 30. Ra5 Rb7 31. b4 Nd7 32. Nf3 c5 33. b5 c4 34. d4 Rfb8 35.
Nd2 Nb6 36. Rf1 Kf7 37. Rfa1 Ke6 38. Kf2 Kd7 39. Ke2 Kc7 40. Rh1 Rh8 41. Rf1 Rf8
42. Nb1 Kd7 43. Na3 Ke6 44. Nc2 Rfb8 45. Nb4 Rf8 46. Rfa1 Rd8 47. Nc6 Rdd7 48.
Rh1 d5 49. exd5+ Nxd5 50. Kd2 Kf5 51. Rxh5 Ke4 52. Rh1 Rd6 53. Rf1 Nc7 54. Ra7
Rxb5 55. Rxc7 Rb2+ 56. Kc1 Rxg2 57. Nb4 Rxg3 58. Rxc4 Rxe3 59. d5# 1-0

[Event "SPICE Spring Invitational"]
[Site "Lubbock USA"]
[Date "2011.03.14"]
[Round "6"]
[White "Bykhovsky, Anatoly"]
[Black "Esserman, Marc"]
[Result "1-0"]
[WhiteTitle "GM"]
[BlackTitle "IM"]
[WhiteElo "2517"]
[BlackElo "2425"]
[WhiteFideId "2806991"]
[BlackFideId "2018616"]
[EventDate "2011.03.12"]

1. d4 Nf6 2. c4 g6 3. Nc3 d5 4. Nf3 Bg7 5. Bf4 O-O 6. Rc1 dxc4 7. e3 Be6 8. Ng5
Bd5 9. Nxd5 Nxd5 10. Bxc4 Nxf4 11. Qf3 Qd6 12. Qxb7 Ne6 13. Nxf7 Kxf7 14. Qxa8
Qb4+ 15. Kd1 c6 16. Qxa7 Qxb2 17. Re1 Rd8 18. Bxe6+ Kxe6 19. Re2 Qb5 20. Qc5
Qd3+ 21. Ke1 Rd5 22. Qc4 Qxc4 23. Rxc4 Kd6 24. Rb2 Nd7 25. Rbc2 c5 26. dxc5+
Nxc5 27. Rd2 Rxd2 28. Kxd2 Kd5 29. Rc2 Be5 30. Ke2 Bd6 31. h4 Be5 32. g4 h6 33.
f4 Bd6 34. Rd2+ Kc6 35. Kf3 e5 36. fxe5 Bxe5 37. Rd8 Bf6 38. Rg8 Nd7 39. Ke4
Nc5+ 40. Kf3 Nd7 41. h5 gxh5 42. gxh5 Kd5 43. a4 Bc3 44. Ra8 Nf6 45. a5 Kd6 46.
a6 Kc7 47. a7 Kb7 48. Rc8 1-0

[Event "SPICE Spring Invitational"]
[Site "Lubbock USA"]
[Date "2011.03.14"]
[Round "6"]
[White "Yang, Darwin"]
[Black "Sipos, Istvan"]
[Result "1-0"]
[WhiteTitle "FM"]
[BlackTitle "IM"]
[WhiteElo "2416"]
[BlackElo "2407"]
[WhiteFideId "2029111"]
[BlackFideId "720631"]
[EventDate "2011.03.12"]

1. d4 d5 2. c4 c6 3. Nc3 Nf6 4. e3 e6 5. Qc2 Nbd7 6. Nf3 Bd6 7. e4 dxe4 8. Nxe4
Nxe4 9. Qxe4 e5 10. dxe5 O-O 11. exd6 Re8 12. Qxe8+ Qxe8+ 13. Be3 Nf6 14. O-O-O
Be6 15. Bd3 b5 16. c5 Bxa2 17. Rhe1 Qd8 18. Nd4 Bd5 19. Nf5 Qa5 20. Bd4 Kf8 21.
Re3 Re8 22. Ne7 Qa1+ 23. Kd2 Qa5+ 24. Bc3 b4 25. Bxf6 gxf6 26. Nxd5 Rxe3 27.
Nxe3 Qxc5 28. d7 Qd4 29. Nf5 Qxd7 30. Kc1 Qc7 31. g3 Ke8 32. Be4 b3 33. Rd6 Qa5
34. Bxc6+ Kf8 35. Be4 h5 36. Rd2 Kg8 37. Kd1 Qb4 38. f3 Qb6 39. Rd4 Qa6 40. Kd2
Qa5+ 41. Kd3 Qc5 42. Rc4 Qe5 43. Rc8+ Kh7 44. Nd4+ Kg7 45. Rc3 Qa5 46. Rxb3 Qa1
47. Nf5+ Kh7 48. Ne3+ Kh6 49. Rb7 Qa6+ 50. Kd2 Qa5+ 51. Ke2 Qa6+ 52. Kf2 Qa5 53.
Rxf7 Qd2+ 54. Kf1 Qc1+ 55. Kg2 Qd2+ 56. Kh3 f5 57. Nxf5+ Kg6 58. Nd6+ Kh6 59. f4 1-0

[Event "SPICE Spring Invitational"]
[Site "Lubbock USA"]
[Date "2011.03.14"]
[Round "6"]
[White "Kleiman, Jake"]
[Black "Diamant, Andre"]
[Result "0-1"]
[WhiteTitle "IM"]
[BlackTitle "GM"]
[WhiteElo "2413"]
[BlackElo "2520"]
[WhiteFideId "2020041"]
[BlackFideId "2108356"]
[EventDate "2011.03.12"]

1. e4 Nf6 2. e5 Nd5 3. d4 d6 4. c4 Nb6 5. exd6 exd6 6. h3 Be7 7. Nc3 O-O 8. Nf3
Re8 9. Be2 Bf6 10. O-O Nc6 11. Bf4 Bf5 12. Re1 h6 13. Qd2 Qd7 14. Bf1 Rad8 15.
Rad1 Rxe1 16. Rxe1 d5 17. c5 Nc4 18. Bxc4 dxc4 19. d5 Nb4 20. Be5 Nxd5 21. Nxd5
Qxd5 22. Qf4 Bxe5 23. Rxe5 Qd1+ 24. Re1 Qd7 25. Ne5 Qd2 26. Re3 Be6 27. Qh4 Rd4
28. Qe7 Rf4 29. Nf3 Qxb2 30. Qxc7 Rf5 31. Qb8+ Kh7 32. c6 c3 33. cxb7 c2 34. Re1
c1=Q 35. Rxc1 Qxc1+ 36. Kh2 Rb5 37. a4 Rb4 38. a5 Qc6 0-1

[Event "SPICE Spring Invitational"]
[Site "Lubbock USA"]
[Date "2011.03.15"]
[Round "7"]
[White "Kuljasevic, Davorin"]
[Black "Kleiman, Jake"]
[Result "1-0"]
[WhiteTitle "GM"]
[BlackTitle "IM"]
[WhiteElo "2528"]
[BlackElo "2413"]
[WhiteFideId "14506661"]
[BlackFideId "2020041"]
[EventDate "2011.03.12"]

1. d4 Nf6 2. c4 e6 3. Nc3 Bb4 4. Qc2 d5 5. cxd5 exd5 6. Bg5 h6 7. Bh4 c5 8. dxc5
g5 9. Bg3 Ne4 10. e3 Qa5 11. Ne2 Bf5 12. Be5 O-O 13. Nd4 Re8 14. Nxf5 Rxe5 15.
Nxh6+ Kg7 16. Ng4 Re6 17. Bd3 Bxc3+ 18. bxc3 Qxc3+ 19. Qxc3+ Nxc3 20. h4 gxh4
21. Bf5 Na6 22. Rxh4 Rc8 23. Rh7+ Kg8 24. Bxe6 1-0

[Event "SPICE Spring Invitational"]
[Site "Lubbock USA"]
[Date "2011.03.15"]
[Round "7"]
[White "Sipos, Istvan"]
[Black "Naroditsky, Daniel"]
[Result "1/2-1/2"]
[WhiteTitle "IM"]
[BlackTitle "FM"]
[WhiteElo "2407"]
[BlackElo "2438"]
[WhiteFideId "720631"]
[BlackFideId "2026961"]
[EventDate "2011.03.12"]

1. e4 c5 2. c3 d6 3. d4 Nf6 4. Bd3 g6 5. dxc5 dxc5 6. e5 Nfd7 7. e6 fxe6 8. Nf3
Bg7 9. Qe2 Nc6 10. Bf4 O-O 11. Bg3 Nde5 12. Nxe5 Nxe5 13. Bxe5 Bxe5 14. h4 Bf4
15. h5 Qd5 16. Be4 Qg5 17. hxg6 hxg6 18. Nd2 Bxd2+ 19. Qxd2 Qxd2+ 20. Kxd2 Kg7
21. Ke3 Rb8 22. Rh4 b6 23. Rah1 Bb7 24. Rh7+ Kf6 25. Bxb7 Rxb7 26. R1h3 Rd8 27.
Rf3+ Kg5 28. Ke4 Rd2 29. Rg3+ Kf6 30. Rf3+ Kg5 31. Rg3+ 1/2-1/2

[Event "SPICE Spring Invitational"]
[Site "Lubbock USA"]
[Date "2011.03.15"]
[Round "7"]
[White "Altounian, Levon"]
[Black "Yang, Darwin"]
[Result "1/2-1/2"]
[WhiteTitle "IM"]
[BlackTitle "FM"]
[WhiteElo "2432"]
[BlackElo "2416"]
[WhiteFideId "2011298"]
[BlackFideId "2029111"]
[EventDate "2011.03.12"]

1. c4 c5 2. g3 Nc6 3. Bg2 g6 4. Nf3 Bg7 5. Nc3 e5 6. a3 Nge7 7. b4 d5 8. cxd5
Nxd5 9. Nxd5 Qxd5 10. Bb2 O-O 11. O-O e4 12. Bxg7 Kxg7 13. Ne1 cxb4 14. d3 Bf5
15. axb4 Rad8 16. Qb1 Rfe8 17. Nc2 Qb5 18. Qb2+ Kg8 19. Ne3 exd3 20. Nxf5 Qxf5
21. exd3 Qxd3 22. b5 Nd4 23. Rxa7 Qxb5 24. Qxb5 Nxb5 25. Rxb7 Nd6 26. Rc7 Nf5
27. Rb1 Re7 28. Rxe7 Nxe7 29. Rb7 Nd5 30. Bf1 Nf6 31. Bc4 Rd7 1/2-1/2

[Event "SPICE Spring Invitational"]
[Site "Lubbock USA"]
[Date "2011.03.15"]
[Round "8"]
[White "Aleskerov, Faik"]
[Black "Diamant, Andre"]
[Result "0-1"]
[BlackTitle "GM"]
[WhiteElo "2322"]
[BlackElo "2520"]
[WhiteFideId "13401262"]
[BlackFideId "2108356"]
[EventDate "2011.03.12"]

1. e4 c5 2. d4 cxd4 3. c3 Nf6 4. e5 Nd5 5. Bc4 Nb6 6. Bb3 d5 7. cxd4 Nc6 8. Nc3
Bf5 9. g4 Bg6 10. e6 fxe6 11. Nf3 e5 12. dxe5 e6 13. h4 h5 14. Bc2 Bxc2 15. Qxc2
Qd7 16. Nb5 Bb4+ 17. Kf1 Rc8 18. Qg6+ Qf7 19. Qxf7+ Kxf7 20. Ng5+ Ke7 21. a3 a6
22. axb4 axb5 23. gxh5 Rxh5 24. Kg2 Rch8 25. Kg3 Nd7 26. Ra3 Ndxe5 27. Re3 Rxg5+ 0-1

[Event "SPICE Spring Invitational"]
[Site "Lubbock USA"]
[Date "2011.03.15"]
[Round "8"]
[White "Yang, Darwin"]
[Black "Esserman, Marc"]
[Result "1-0"]
[WhiteTitle "FM"]
[BlackTitle "IM"]
[WhiteElo "2416"]
[BlackElo "2425"]
[WhiteFideId "2029111"]
[BlackFideId "2018616"]
[EventDate "2011.03.12"]

1. d4 Nf6 2. c4 g6 3. f3 d5 4. cxd5 Nxd5 5. e4 Nb6 6. Nc3 Bg7 7. Be3 O-O 8. Qd2
Nc6 9. O-O-O f5 10. e5 Nb4 11. Nh3 a5 12. Kb1 c6 13. Be2 N4d5 14. Nxd5 Nxd5 15.
Bc4 Be6 16. Ng5 Qd7 17. Nxe6 Qxe6 18. Rc1 f4 19. Bxd5 Qxd5 20. Bxf4 Rad8 21.
Rhd1 Qf7 22. Bg3 Rd5 23. Qc2 Rfd8 24. Qb3 Bh6 25. Rc4 Rb5 26. Qc2 Rbd5 27. Qb3
e6 28. Bf2 Qf5+ 29. Rd3 R8d7 30. Qc2 Bf4 31. Rdc3 Qh5 32. h4 Qh6 33. Qe4 Bd2 34.
Rc2 Bb4 35. Be3 Qf8 36. g4 Be7 37. h5 g5 38. a3 Qg7 39. f4 gxf4 40. Qxf4 Bd8 41.
g5 Qf7 42. Qg4 Qf5 43. Qxf5 exf5 44. Rf2 Rf7 45. g6 hxg6 46. hxg6 Rg7 47. Rg2
Bb6 48. Bh6 Rgd7 49. Rg5 Rxd4 50. Rxf5 Rd1+ 51. Ka2 Rd8 52. g7 Kh7 53. Rf8 Rg1
54. Rh4 Rg2 55. e6 Rxg7 56. Be3+ Kg6 57. Rh6# 1-0

[Event "SPICE Spring Invitational"]
[Site "Lubbock USA"]
[Date "2011.03.15"]
[Round "8"]
[White "Naroditsky, Daniel"]
[Black "Altounian, Levon"]
[Result "1-0"]
[WhiteTitle "FM"]
[BlackTitle "IM"]
[WhiteElo "2438"]
[BlackElo "2432"]
[WhiteFideId "2026961"]
[BlackFideId "2011298"]
[EventDate "2011.03.12"]

1. e4 e5 2. Nf3 d6 3. d4 exd4 4. Nxd4 Nf6 5. Nc3 Be7 6. Bd3 O-O 7. O-O Re8 8.
Re1 Nbd7 9. Nf5 Bf8 10. Bg5 h6 11. Bh4 Ne5 12. Ne3 c6 13. a4 a5 14. Rb1 Be7 15.
Bg3 Qb6 16. Bf1 Be6 17. h3 Rad8 18. f4 Nc4 19. Bxc4 Bxc4 20. Bf2 Qb4 21. Nf5 Bf8
22. Bd4 Re6 23. b3 Ba6 24. Ra1 g6 25. Na2 Qa3 26. Nc1 Qxa1 27. Bxa1 gxf5 28.
exf5 Rxe1+ 29. Qxe1 Bg7 30. Qh4 1-0